Documento firmado por José María Morelos y Pavón (Record no. 4625)
[ view plain ]
| 000 -CABECERA | |
|---|---|
| campo de control de longitud fija | 02049nam a2200301 a 4500 |
| 001 - NÚMERO DE CONTROL | |
| campo de control | BRCA_4931 |
| 005 - FECHA Y HORA DE LA ÚLTIMA TRANSACCIÓN | |
| campo de control | 20190320204850.0 |
| 008 - DATOS DE LONGITUD FIJA--INFORMACIÓN GENERAL | |
| campo de control de longitud fija | 211010s1812----mx-#######---#000-0#spa-# |
| 041 ## - CÓDIGO DE LENGUA | |
| Código de lengua del texto/banda sonora o título independiente | spa |
| 044 ## - CÓDIGO DEL PAÍS DE LA ENTIDAD EDITORA/PRODUCTORA | |
| Código MARC del país | mx |
| 084 ## - OTRO NÚMERO DE CLASIFICACIÓN | |
| Número de clasificación | DOC34 |
| Número de documento/Ítem | .M67 |
| -- | 1812 |
| 100 1# - ENTRADA PRINCIPAL--NOMBRE DE PERSONA | |
| Nombre de persona | Morelos y Pavón, José María |
| Fechas asociadas al nombre | 1765-1815 |
| 9 (RLIN) | 7961 |
| 245 10 - MENCIÓN DE TÍTULO | |
| Título | Documento firmado por José María Morelos y Pavón |
| Mención de responsabilidad, etc. | José María Morelos y Pavón, Don José Sixto Verduzco |
| 260 ## - PUBLICACIÓN, DISTRIBUCIÓN, ETC. | |
| Lugar de publicación, distribución, etc. | México |
| Fecha de publicación, distribución, etc. | 1812 |
| 300 ## - DESCRIPCIÓN FÍSICA | |
| Extensión | [4] fojas |
| Dimensiones | 21 x 15 cm |
| 500 ## - NOTA GENERAL | |
| Nota general | Documento firmado el 4 de septiembre de 1812 |
| 500 ## - NOTA GENERAL | |
| Nota general | Documento autógrafa de Don José María Morelos y Pavón dirigida al señor Don José Sixto Verduzco, Vocal de la Junta de Sultepec, fechada en el Cuartel General de Tehuacán el 14 de septiembre de 1812. En ella Morelos da cuenta a Verduzco de haber recibido comunicación del señor presidente de la Suprema Junta, Lic. Don Ignacio López Rayón notificandoles sus nombramientos de Capitán General y Vocal de la misma, así como el plan adoptado de dividir a la insurgencia para despitar al enemigo, conforme al cual, Morelos debia dirigirse al Sur; Verdusco al Poniente; Liceaga al Norte y Rayón al Oriente. En la misma comunicación, le informa cómo en la bajada de Llanos a Veracruz, se registrarón algunos problemas contrarios a la insurgencia que resfrió el entusiasmo de la misma, y mientas algunos se indultaran, otros se dirigian a Sultepec en busca de remedio a sus males |
| 500 ## - NOTA GENERAL | |
| Nota general | El documento tiene la leyenda DOC. #43 |
| 500 ## - NOTA GENERAL | |
| Nota general | Estado de conservación: Contiene acidificación |
| 506 0# - NOTA DE RESTRICCIONES AL ACCESO | |
| Limitaciones de acceso | Fondo reservado: para su consulta es necesario credencial de usuario y carta de motivos |
| 546 ## - NOTA DE LENGUA/LENGUAJE | |
| Nota de lengua/lenguaje | Texto en: español de principios del siglo XIX |
| 600 14 - PUNTO DE ACCESO ADICIONAL DE MATERIA--NOMBRE DE PERSONA | |
| Nombre de persona | Morelos y Pavón, José María |
| Fechas asociadas al nombre | 1765-1815 |
| 9 (RLIN) | 7961 |
| 651 #4 - PUNTO DE ACCESO ADICIONAL DE MATERIA--NOMBRE GEOGRÁFICO | |
| Nombre geográfico | México |
| Subdivisión de forma | Manuscrito |
| Subdivisión general | Historia |
| Subdivisión cronológica | Guerra de Independencia, 1810-1821 |
| 9 (RLIN) | 12432 |
| 700 1# - PUNTO DE ACCESO ADICIONAL--NOMBRE DE PERSONA | |
| Nombre de persona | Sixto Verduzco, José |
| Fechas asociadas al nombre | 1770-1830 |
| 9 (RLIN) | 12515 |
| 700 1# - PUNTO DE ACCESO ADICIONAL--NOMBRE DE PERSONA | |
| Nombre de persona | López Rayón, Ignacio |
| Fechas asociadas al nombre | 1773-1832 |
| 9 (RLIN) | 12516 |
| 902 ## - CATALOGADOR | |
| Iniciales | FDH |
| 942 ## - ELEMENTOS DE PUNTO DE ACCESO ADICIONAL (KOHA) | |
| Fuente del sistema de clasificación o colocación | Library of Congress Classification |
| Tipo de ítem Koha | Documentos |
| Estado de retiro | Estado de pérdida | Estado dañado | No para préstamo | Localización permanente | Ubicación/localización actual | Fecha de adquisición | Total de préstamos | Signatura topográfica completa | Código de barras | Fecha visto por última vez | Precio válido a partir de | Tipo de ítem Koha |
|---|---|---|---|---|---|---|---|---|---|---|---|---|
| El ejemplar forma parte de la colección y puede ser consultado según las políticas vigentes. | Biblioteca del Museo Franz Mayer (Rogerio Casas-Alatriste) | Biblioteca del Museo Franz Mayer (Rogerio Casas-Alatriste) | 21/10/2010 | DOC34 .M67 1812 | 4992 | 22/03/2019 | 22/03/2019 | Documentos |